| 000 | 00916nas a2200265 4500 | ||
|---|---|---|---|
| 001 | BR8804352 | ||
| 003 | BR-BrBNA | ||
| 005 | 20231205091232.0 | ||
| 007 | ta | ||
| 008 | 230509b bl.|||p| |||| 00| 00por d | ||
| 040 |
_aBR-BrBNA _bpor _cBiblioteca Nacional de Agricultura |
||
| 041 | _a(Pt) | ||
| 072 | _aH10 | ||
| 100 | 1 | _aSasaki, E.T. | |
| 100 | 1 | _aHonda, M.S. | |
| 100 | 1 | _aCalafiori, M.H. | |
| 245 | 1 | _aUso de papel de aluminio e palha de arroz como repelentes a pulgao e Aphidius sp em Couve-manteiga (Brassica oleracea var. acephala) | |
| 246 | 1 | _aUse of aluminum paper and rice straw like repellent to aphid and Aphidius sp on cabbage (Brassica oleracea var. acephala) | |
| 650 | _aCOUVE | ||
| 650 | _aPULGAO | ||
| 650 | _aREPELENTE | ||
| 773 | 0 |
_tEcossistema (Brazil) _xISSN 0100-4107 _g(Oct 1987), v. 12 p. 34-40 _wBR8804352 |
|
| 909 |
_a202311 _bLúcia _c55 _dLúcia Elande |
||
| 942 |
_2AGRIS _n0 _cANA |
||
| 999 |
_c123759 _d123759 |
||